| 000 | 01735cam a2200409 i 4500 | ||
|---|---|---|---|
| 999 |
_c9891 _d9891 |
||
| 001 | 6815222 | ||
| 003 | OCoLC | ||
| 005 | 20210205114954.0 | ||
| 008 | 800923m19831985nyu b 001 0 eng | ||
| 010 | _a80002443 | ||
| 020 |
_a0385096305 _q(v. 1) |
||
| 020 |
_a9780385096300 _q(v. 1) |
||
| 020 |
_a0385188137 _q(v. 2) |
||
| 020 |
_a9780385188135 _q(v. 2) |
||
| 035 |
_a(OCoLC)6815222 _z(OCoLC)10473535 _z(OCoLC)778920473 _z(OCoLC)871379710 _z(OCoLC)871512120 |
||
| 040 |
_aDLC _beng _cDLC _dMUQ _dBAKER _dNLGGC _dBTCTA _dYDXCP _dITC _dGEBAY _dSGB _dLMR _dUIU _dOCLCF _dIG# _dOCLCQ _dCFT _dTUU _dOCLCQ |
||
| 041 | 1 |
_aeng _hmul |
|
| 049 | _aOSUU | ||
| 050 | _bC477O | ||
| 082 | _bC477O | ||
| 090 |
_aBS1830 _b.A3 1983 |
||
| 245 | 0 | 4 |
_aThe Old Testament pseudepigrapha / _cedited by James H. Charlesworth |
| 250 | _a1st ed | ||
| 260 |
_aGarden City, N.Y. : _bDoubleday, _c1983-1985 |
||
| 300 |
_a2 volumes ; _c24 cm |
||
| 336 |
_atext _btxt _2rdacontent |
||
| 337 |
_aunmediated _bn _2rdamedia |
||
| 338 |
_avolume _bnc _2rdacarrier |
||
| 504 | _aIncludes bibliographical references and index | ||
| 505 | 0 | _av. 1. Apocalyptic literature and testaments -- v. 2. Expansions of the "Old Testament" and legends, wisdom and philosophical literature, prayers, psalms, and odes, fragments of lost Judeo-Hellenistic works | |
| 520 | _aExpansions of the "Old Testament" and legends, wisdom and philosophical literature, prayers, psalms and odes, and fragments of lost Judeo-Hellenistic works | ||
| 650 | 0 | _aApocryphal books (Old Testament) | |
| 650 | 0 |
_aApocryphal books (Old Testament) _xCriticism, interpretation, etc |
|
| 655 | 7 |
_aCriticism, interpretation, etc. _2fast _0(OCoLC)fst01411635 |
|
| 700 | 1 | _aCharlesworth, James H | |
| 942 |
_2ddc _cBK |
||